Sanat - "Ihmiseltä ihmiselle" - Olli Halonen - Statistics

Yleistilastot
  • Tätä visaa on pelattu 3 kertaa
  • Keskiarvotulos 46 / 174
Vastaustilastot
Vastaus % Oikein
ihmiselle
100%
ihmiseltä
100%
jo
100%
kun
100%
me
100%
mun
100%
se
100%
tää
100%
et
67%
kuin
67%
niin
67%
on
67%
saa
67%
siitä
67%
täl
67%
vaik
67%
vaikka
67%
voi
67%
alkoi
33%
elämä
33%
jää
33%
Kaikki
33%
kaikki
33%
Kalastajakadun
33%
kodissa
33%
kulmalla
33%
mut
33%
ne
33%
paljon
33%
peruskiveen
33%
saatiin
33%
Suomen
33%
talon
33%
Tehdään
33%
tehdään
33%
Turussa
33%
unelma
33%
uudesta
33%
valettiin
33%
yhteisessä
33%
aikaan
0%
betoniin
0%
edelleen
0%
elämälle
0%
ettei
0%
graniitin
0%
hetket
0%
huolia
0%
huomiselle
0%
huomisesta
0%
ihan
0%
ilman
0%
ilon
0%
jäljet
0%
järkkymään
0%
jossa
0%
juhlittiin
0%
kädenjäljet
0%
kaiken
0%
kaikesta
0%
kasvaa
0%
katsoo
0%
kestää
0%
kestävälle
0%
kolhuja
0%
koti
0%
kuljettiin
0%
kuluneet
0%
kunnolla
0%
kuntan
0%
lujalle
0%
luvattiin
0%
mekin
0%
mikä
0%
mitä
0%
muun
0%
muuttaneet
0%
muuttui
0%
muuttuis
0%
myrskytuuletkaan
0%
niitä
0%
painettiin
0%
perheellä
0%
perustalle
0%
pidettiin
0%
rakennetaan
0%
samoja
0%
selvittäisiin
0%
selvittiin
0%
täällä
0%
tänään
0%
tänne
0%
tehään
0%
tilaa
0%
Toisillemme
0%
turhii
0%
unelmat
0%
uusiin
0%
vaikeuksista
0%
vanhat
0%
vieläkin
0%
voidaan
0%
vuodet
0%
vuosia
0%
vuosikymmeniin
0%
Yhdessä
0%
yhdessä
0%
yhtä
0%
ylpeinä
0%
Ehtoja vastaavia visoja ei löytynyt
Tulosjakauma
Jokaisen tuloksen saaneiden osuus
Persentiili vastausten määrän mukaan
Tuloshistoriasi
Et ole pelannut tätä visaa